| 000 | 01058nam a2200265Ia 4500 | ||
|---|---|---|---|
| 003 | OSt | ||
| 005 | 20220923211220.0 | ||
| 006 | a|||||r|||| 00| 0 | ||
| 007 | ta | ||
| 008 | 220922b |||||||| |||| 00| 0 hin d | ||
| 020 |
_a9788126727346 (hbk) _c800 |
||
| 024 | _a289,278 | ||
| 037 |
_b1335, 11/03/2016, Kiran Book Service _cTextual |
||
| 040 |
_aARTS _cARTS _bhin |
||
| 041 |
_2hin _ahin |
||
| 082 | _aWx1,1:g, 152Q4 | ||
| 100 |
_aओम प्रकाश प्रसाद _9159812 |
||
| 245 | 0 |
_aकौटिल्य का अर्थशास्त्र _b एक ऐतिहासिक अध्ययन |
|
| 246 | _aKauṭilya kā arthashāstra: ek aitihāsik adhyayana | ||
| 260 |
_aनयी दिल्ली _b राजकमल प्रकाशन _c2014 |
||
| 300 |
_a446पृ. _ccm. |
||
| 650 |
_aराजनीतिक विज्ञान _9156276 |
||
| 942 |
_hWx1,1:g, 152Q4 _cTEXL _2CC |
||
| 999 |
_c297085 _d297085 |
||